Statistics for Lesser Antilles Countries

Click here to take the quiz!

General Stats

  • This quiz has been taken 48 times
  • The average score is 7 of 8

Answer Stats

Country% Correct
Barbados
100%
Trinidad and Tobago
95%
Antigua and Barbuda
92%
Dominica
92%
Grenada
92%
Saint Vincent and the Grenadines
92%
Saint Kitts and Nevis
87%
Saint Lucia
87%

Score Distribution

Percentile by Number Answered

Percent of People with Each Score

Your Score History

You have not taken this quiz